[Event "Pobeskydy Talents op 42nd"]
[Site "Frydek Mistek"]
[Date "2023.04.07"]
[Round "4"]
[White "Walek, Petr"]
[Black "Kurek, Pavel"]
[Result "1-0"]
[WhiteElo "2275"]
[BlackElo "1915"]
[PlyCount "119"]
[EventDate "2023.04.06"]
[EventType "swiss"]
[EventRounds "9"]
[EventCountry "CZE"]
[SourceTitle "EXT 2024"]
[Source "ChessBase"]
[SourceDate "2023.10.10"]
[SourceVersion "1"]
[SourceVersionDate "2023.10.10"]
[SourceQuality "1"]

1. e4 c5 2. Nf3 Nc6 3. Nc3 e6 4. d4 cxd4 5. Nxd4 Nf6 6. Nxc6 bxc6 7. e5 Nd5 8. Ne4 Qc7 9. f4 Qb6 10. c4 Bb4+ 11. Ke2 f5 12. Nf2 Bc5 13. Nd3 Ne3 14. Qb3 Nxf1 15. Rxf1 Ba6 16. Qxb6 Bxb6 17. b3 Bd4 18. Rb1 Rc8 19. Be3 Bxe3 20. Kxe3 c5 21. Rfc1 Ke7 22. b4 cxb4 23. Rxb4 Rc6 24. Ra4 Rhc8 25. Kd4 d6 26. exd6+ Rxd6+ 27. Ke3 Rc7 28. Ne5 Rc5 29. Rb1 g5 30. g3 gxf4+ 31. gxf4 Rc7 32. Rb8 Bc8 33. Ra8 a6 34. Rb4 Rd1 35. Rbb8 Rd8 36. a4 h5 37. h4 Ke8 38. Rb6 Rb7 39. a5 Rg7 40. Nc6 Rg3+ 41. Kf2 Rdd3 42. Rxc8+ Kd7 43. Rd8+ Kc7 44. Rxd3 Rxd3 45. Ne5 Ra3 46. Rxa6 Ra2+ 47. Ke3 Rh2 48. Rc6+ Kb7 49. Rb6+ Kc7 50. Rxe6 Rxh4 51. Nf3 Rh1 52. Re5 Rc1 53. Rxf5 Rxc4 54. Rxh5 Rc3+ 55. Ke4 Rc4+ 56. Nd4 Ra4 57. Rb5 Kd6 58. f5 Ra1 59. Rb6+ Kc7 60. Rc6+ 1-0

[Event "Mid Bohemia Region-chT 2223"]
[Site "Czech Republic"]
[Date "2023.01.29"]
[Round "7.8"]
[White "Handl, Petr"]
[Black "Kurek, Pavel"]
[Result "0-1"]
[WhiteElo "1629"]
[BlackElo "1895"]
[PlyCount "56"]
[EventDate "2022.10.09"]
[EventType "team-tourn"]
[EventRounds "11"]
[EventCountry "CZE"]
[SourceTitle "EXT 2024"]
[Source "ChessBase"]
[SourceDate "2023.10.10"]
[SourceVersion "1"]
[SourceVersionDate "2023.10.10"]
[SourceQuality "1"]
[WhiteTeam "Zdice"]
[BlackTeam "Ricany III"]
[WhiteTeamCountry "CZE"]
[BlackTeamCountry "CZE"]

1. e4 c5 2. Nf3 Nc6 3. Nc3 Nf6 4. d4 cxd4 5. Nxd4 e6 6. Bg5 Bb4 7. Nxc6 bxc6 8. e5 Qa5 9. exf6 Qxg5 10. fxg7 Qe5+ 11. Kd2 Qg5+ 12. Ke1 Qxg7 13. Qf3 Rg8 14. Rd1 d5 15. a3 Ba5 16. b4 Bc7 17. Ne2 Be5 18. c4 Ba6 19. b5 cxb5 20. cxd5 Rd8 21. d6 Bc8 22. Rd3 Rxd6 23. Rxd6 Bxd6 24. Nc3 Bd7 25. Kd2 Ke7 26. Qb7 Qd4+ 27. Kc2 Rc8 28. Qf3 b4 0-1

[Event "CZE-chT1W 2223"]
[Site "Czech Republic"]
[Date "2023.01.29"]
[Round "7.4"]
[White "Kurek, Pavel"]
[Black "Zemen, Pavel"]
[Result "1/2-1/2"]
[WhiteElo "1855"]
[BlackElo "1786"]
[PlyCount "45"]
[EventDate "2022.10.09"]
[EventType "team-tourn"]
[EventRounds "11"]
[EventCountry "CZE"]
[SourceTitle "CBM 213 Extra"]
[Source "ChessBase"]
[SourceDate "2023.05.31"]
[SourceVersion "1"]
[SourceVersionDate "2023.05.31"]
[SourceQuality "1"]
[WhiteTeam "Ricany Betsys"]
[BlackTeam "Ricany Betsys II"]
[WhiteTeamCountry "CZE"]
[BlackTeamCountry "CZE"]

1. e4 e6 2. d4 d5 3. exd5 exd5 4. Nf3 Bd6 5. Bd3 Ne7 6. 0-0 c6 7. c3 0-0 8. Bg5 f6 9. Bh4 Nd7 10. Bg3 Bxg3 11. hxg3 Nb6 12. Nbd2 Bf5 13. Bxf5 Nxf5 14. Re1 Re8 15. Qc2 Rxe1+ 16. Rxe1 Qd7 17. Nf1 Nd6 18. b3 Re8 19. Qd2 Rxe1 20. Qxe1 Kf7 21. Ne3 Qe7 22. Nc2 Qxe1+ 23. Ncxe1 1/2-1/2

[Event "Mid Bohemia Region-chT 2223"]
[Site "Czech Republic"]
[Date "2022.10.30"]
[Round "2.8"]
[White "Kurek, Pavel"]
[Black "Petrun, Milan"]
[Result "1-0"]
[WhiteElo "1895"]
[BlackElo "1883"]
[PlyCount "94"]
[EventDate "2022.10.09"]
[EventType "team-tourn"]
[EventRounds "11"]
[EventCountry "CZE"]
[SourceTitle "EXT 2024"]
[Source "ChessBase"]
[SourceDate "2023.10.10"]
[SourceVersion "1"]
[SourceVersionDate "2023.10.10"]
[SourceQuality "1"]
[WhiteTeam "Ricany III"]
[BlackTeam "Lysa nad Labem Joly IV"]
[WhiteTeamCountry "CZE"]
[BlackTeamCountry "CZE"]

1. e4 c5 2. Nf3 Nc6 3. d4 cxd4 4. Nxd4 g6 5. c4 Bg7 6. Be3 Nf6 7. Nc3 d6 8. Be2 0-0 9. Qd2 Bd7 10. h4 Nxd4 11. Bxd4 Bc6 12. h5 e5 13. Be3 Nxe4 14. Nxe4 Bxe4 15. f3 Bc6 16. 0-0-0 Re8 17. hxg6 hxg6 18. Bg5 f6 19. Bh6 Bh8 20. Bd3 f5 21. Rh3 Bf6 22. Bc2 Kf7 23. g4 e4 24. gxf5 gxf5 25. Qf4 Qb6 26. Bb3 Qc5 27. Rxd6 Rg8 28. Rd1 Rae8 29. fxe4 Bxe4 30. Rg3 Rxg3 31. Qxg3 Bc6 32. Rg1 Qe5 33. c5+ Bd5 34. Bxd5+ Qxd5 35. Qg6+ Ke7 36. Re1+ Be5 37. Bg5+ Kd7 38. Qxf5+ Kc6 39. Kb1 Kb5 40. Bf6 Bxf6 41. Qxd5 Rxe1+ 42. Kc2 Re2+ 43. Kd3 Rxb2 44. c6+ Kb6 45. cxb7 Kc7 46. Qf7+ Kb8 47. Qxf6 Rxb7 1-0

[Event "Prague Golden U20 op 17th"]
[Site "Prague"]
[Date "2022.06.25"]
[Round "2"]
[White "Danek, Daniel"]
[Black "Kurek, Pavel"]
[Result "0-1"]
[WhiteElo "1183"]
[BlackElo "1571"]
[PlyCount "36"]
[EventDate "2022.06.25"]
[EventType "swiss"]
[EventRounds "7"]
[EventCountry "CZE"]
[SourceTitle "EXT 2023"]
[Source "ChessBase"]
[SourceDate "2022.10.05"]
[SourceVersion "1"]
[SourceVersionDate "2022.10.05"]
[SourceQuality "1"]

1. e4 c5 2. Nf3 Nc6 3. d4 cxd4 4. Nxd4 Nf6 5. Nc3 e6 6. Be3 Bb4 7. Nxc6 bxc6 8. f3 Qa5 9. Qd3 Ba6 10. Qd2 Bxf1 11. Kxf1 d5 12. e5 Nd7 13. Bd4 c5 14. a3 cxd4 15. Qxd4 Bxc3 16. bxc3 Rc8 17. Qg4 0-0 18. c4 Rxc4 0-1

[Event "Prague Golden U20 op 17th"]
[Site "Prague"]
[Date "2022.06.25"]
[Round "4"]
[White "Lysytsia, Yaroslav"]
[Black "Kurek, Pavel"]
[Result "0-1"]
[WhiteElo "1246"]
[BlackElo "1571"]
[PlyCount "41"]
[EventDate "2022.06.25"]
[EventType "swiss"]
[EventRounds "7"]
[EventCountry "CZE"]
[SourceTitle "EXT 2023"]
[Source "ChessBase"]
[SourceDate "2022.10.05"]
[SourceVersion "1"]
[SourceVersionDate "2022.10.05"]
[SourceQuality "1"]

1. d4 Nf6 2. c4 c5 3. Nf3 cxd4 4. Nxd4 Nc6 5. Nc2 d5 6. Nc3 d4 7. Nb5 e5 8. e3 a6 9. Nba3 Bxa3 10. Nxa3 Bf5 11. Bd3 e4 12. Be2 d3 13. Bf1 0-0 14. Bd2 Be6 15. g3 Bg4 16. Qb3 Bf3 17. Rg1 Qd7 18. Bg2 Ne5 19. Bc3 d2+ 20. Bxd2 Bxg2 21. Bc1 0-1

[Event "Prague Autumn op 1st"]
[Site "Prague"]
[Date "2021.09.25"]
[Round "3"]
[White "Kaluzny, Michal"]
[Black "Kurek, Pavel"]
[Result "0-1"]
[WhiteElo "1792"]
[BlackElo "1737"]
[PlyCount "72"]
[EventDate "2021.09.24"]
[EventType "swiss"]
[EventRounds "5"]
[EventCountry "CZE"]
[SourceTitle "CBM 204 Extra"]
[Source "ChessBase"]
[SourceDate "2021.11.30"]
[SourceVersion "1"]
[SourceVersionDate "2021.11.30"]
[SourceQuality "1"]

1. d4 Nf6 2. Bf4 c5 3. e3 d5 4. c3 Nc6 5. Nf3 Bf5 6. dxc5 Nh5 7. Bg5 h6 8. Bh4 g5 9. Nd4 Nxd4 10. exd4 Qd7 11. Bg3 Bg7 12. Na3 0-0 13. Be2 Nxg3 14. hxg3 Bh7 15. 0-0 e5 16. Qd2 e4 17. Nc2 Kh8 18. g4 f5 19. gxf5 Bxf5 20. Ne3 Be6 21. f3 Rf4 22. fxe4 Rxe4 23. Bf3 Rf4 24. Rf2 g4 25. Be2 Rxf2 26. Kxf2 h5 27. Rf1 Bh6 28. Qd3 Re8 29. Kg1 Bg8 30. Nc2 Bh7 31. Qd1 Qe7 32. Bd3 Be3+ 33. Rf2 Bxf2+ 34. Kxf2 Qh4+ 35. Kg1 g3 36. Bxh7 Qh2+ 0-1

[Event "Mlada Boleslav Region-ch U16"]
[Site "Mlada Boleslav"]
[Date "2017.06.25"]
[Round "7"]
[White "Kovarik, Vojtech"]
[Black "Kurek, Pavel"]
[Result "0-1"]
[WhiteElo "1459"]
[BlackElo "1536"]
[PlyCount "72"]
[EventDate "2017.06.24"]
[EventType "swiss"]
[EventRounds "7"]
[EventCountry "CZE"]
[SourceTitle "CBM 179 Extra"]
[Source "ChessBase"]
[SourceDate "2017.08.23"]
[SourceVersion "1"]
[SourceVersionDate "2017.08.23"]
[SourceQuality "1"]

1. e4 c5 2. Nf3 Nc6 3. Bc4 e6 4. Nc3 a6 5. d3 b5 6. Bb3 b4 7. Ne2 d5 8. exd5 exd5 9. h3 Be6 10. 0-0 h6 11. Ba4 Bd7 12. Nf4 Nf6 13. Re1+ Be7 14. Bxc6 Bxc6 15. Ne5 Bb7 16. Qe2 0-0 17. Neg6 fxg6 18. Qxe7 Re8 19. Qxd8 Raxd8 20. Bd2 Kf7 21. g3 g5 22. Ng2 a5 23. h4 gxh4 24. Nxh4 c4 25. Nf5 Ba6 26. dxc4 dxc4 27. Bf4 Kg6 28. Ne7+ Kf7 29. Nc6 Rd5 30. Rxe8 Nxe8 31. Re1 Nd6 32. Nd8+ Kg8 33. Ne6 Nb5 34. Kg2 Bb7 35. Kh2 Rh5+ 36. Kg1 Rh1# 0-1

[Event "Mlada Boleslav Region-ch"]
[Site "Mlada Boleslav"]
[Date "2015.06.20"]
[Round "3"]
[White "Kurek, Pavel"]
[Black "Balicz, Oldrich"]
[Result "1-0"]
[WhiteElo "1413"]
[BlackElo "1113"]
[PlyCount "29"]
[EventDate "2015.06.20"]
[EventType "swiss"]
[EventRounds "7"]
[EventCountry "CZE"]
[SourceTitle "EXT 2017"]
[Source "ChessBase"]
[SourceDate "2016.10.25"]
[SourceVersion "1"]
[SourceVersionDate "2016.10.25"]
[SourceQuality "1"]

1. e4 d5 2. exd5 Qxd5 3. Nc3 Qe5+ 4. Qe2 Nc6 5. Nf3 Qe6 6. d4 g6 7. Qxe6 Bxe6 8. d5 Bf5 9. dxc6 b6 10. Nd5 0-0-0 11. Ba6+ Kb8 12. Nb4 e6 13. c3 Nh6 14. Bb7 Be4 15. Na6# 1-0

[Event "Mlada Boleslav Region-ch"]
[Site "Mlada Boleslav"]
[Date "2015.06.20"]
[Round "2"]
[White "Pinkas, Jiri"]
[Black "Kurek, Pavel"]
[Result "1-0"]
[WhiteElo "1208"]
[BlackElo "1413"]
[PlyCount "87"]
[EventDate "2015.06.20"]
[EventType "swiss"]
[EventRounds "7"]
[EventCountry "CZE"]
[SourceTitle "EXT 2017"]
[Source "ChessBase"]
[SourceDate "2016.10.25"]
[SourceVersion "1"]
[SourceVersionDate "2016.10.25"]
[SourceQuality "1"]

1. c4 e5 2. Nc3 Nf6 3. Nf3 Nc6 4. d3 d5 5. Bg5 dxc4 6. dxc4 Qxd1+ 7. Rxd1 Be7 8. Bxf6 Bxf6 9. Nd5 0-0 10. Nxc7 Rb8 11. e4 Nb4 12. Nb5 a6 13. Nc3 Nc2+ 14. Kd2 Nb4 15. Kc1 Be6 16. a3 Nc6 17. Nd5 Rbd8 18. Be2 Na5 19. Kc2 Rc8 20. b3 b5 21. Kc3 Bxd5 22. Rxd5 Rfe8 23. c5 Nb7 24. c6 Red8 25. Rhd1 Kf8 26. a4 Rxd5 27. Rxd5 Be7 28. axb5 axb5 29. Bxb5 Nd6 30. Bd3 f5 31. Nxe5 fxe4 32. Be2 Bf6 33. Kd2 Bxe5 34. Rxe5 Nf7 35. Rxe4 Rd8+ 36. Kc3 Rc8 37. Rf4 Ke7 38. Kc4 Nd6+ 39. Kc3 Nf7 40. h4 Nd8 41. Kc4 Nxc6 42. Bf3 Ne5+ 43. Kd4 Ke6 44. Bg4+ 1-0

[Event "Mlada Boleslav Region-ch U20"]
[Site "Mlada Boleslav"]
[Date "2014.06.21"]
[Round "3"]
[White "Kurek, Pavel"]
[Black "Sulc, Jakub"]
[Result "1/2-1/2"]
[WhiteElo "1293"]
[BlackElo "1322"]
[PlyCount "94"]
[EventDate "2014.06.21"]
[EventType "swiss"]
[EventRounds "7"]
[EventCountry "CZE"]
[SourceTitle "EXT 2016"]
[Source "ChessBase"]
[SourceDate "2015.10.08"]
[SourceVersion "1"]
[SourceVersionDate "2015.10.08"]
[SourceQuality "1"]

1. d4 e6 2. Nc3 d5 3. Nf3 c5 4. dxc5 Bxc5 5. Bf4 Nc6 6. e4 Nf6 7. Bg5 Be7 8. exd5 Nxd5 9. Nxd5 Qxd5 10. Qxd5 exd5 11. Bxe7 Nxe7 12. Bb5+ Nc6 13. Ne5 Bd7 14. Nxd7 Kxd7 15. 0-0-0 Rad8 16. Rxd5+ Kc7 17. Rhd1 Rxd5 18. Rxd5 Rf8 19. a3 Kb6 20. Bxc6 Kxc6 21. Re5 g6 22. Re7 h5 23. h4 f6 24. Rg7 g5 25. hxg5 fxg5 26. Rg6+ Kc7 27. f3 Rf5 28. g4 hxg4 29. fxg4 Rd5 30. Rg7+ Kb6 31. Rg6+ Ka5 32. b4+ Kb5 33. Rg7 Ka6 34. c4 Rd4 35. Rxg5 Rxc4+ 36. Kb2 Rc8 37. Rc5 Rg8 38. g5 b6 39. Re5 Kb7 40. Re7+ Kc6 41. Rxa7 Rxg5 42. Rf7 Kb5 43. Rf6 Rg2+ 44. Kb3 Rg3+ 45. Kb2 Rg2+ 46. Kc3 Rg3+ 47. Kb2 Rg2+ 1/2-1/2